| 000 | 00645nam a2200193 i 4500 | ||
|---|---|---|---|
| 001 | 42679 | ||
| 003 | ES-MaACL | ||
| 005 | 20250822055319.0 | ||
| 007 | t| | ||
| 008 | 030313s1922 sp ||||1| spa d | ||
| 100 | 1 |
_aCastro, Américo, _d1885-1972 _9226525 |
|
| 245 | 1 | 3 |
_aLa enseñanza del español en España / _cpor Américo Castro. |
| 260 |
_aMadrid : _bVictoriano Suárez, _c1922 ( _fImp. Clásica Española) |
||
| 300 |
_a118 p. ; _c16 cm. |
||
| 490 | 1 | _aBiblioteca española de divulgación científica | |
| 830 | 0 |
_aBiblioteca española de divulgación científica _9182306 |
|
| 852 |
_aES-MaACL _jB-13272 |
||
| 999 |
_c42679 _d42679 |
||